| 000 | 00924nas a2200313 4500 | ||
|---|---|---|---|
| 001 | BR2017001904 | ||
| 003 | BR-BrBNA | ||
| 005 | 20231205131023.0 | ||
| 007 | ta | ||
| 008 | 230509b bl.|||p| |||| 00| 00por d | ||
| 040 |
_aBR-BrBNA _bpor _cBiblioteca Nacional de Agricultura |
||
| 041 | _a(Pt) | ||
| 072 | _aF04 | ||
| 100 | 1 | _aKrause, M.R. | |
| 100 | 1 | _aMonaco, P.A.V.L. | |
| 100 | 1 | _aHaddade, I.R. | |
| 100 | 1 | _aMeneghelli, L.A.M. | |
| 100 | 1 | _aSouza, T.D. | |
| 245 | 1 | _aAproveitamento de resíduos agrícolas na composição de substratos para produção de mudas de tomateiro | |
| 650 | _aTOMATE | ||
| 650 | _aMUDA | ||
| 650 | _aSUBSTRATO DE CULTURA | ||
| 650 | _aCOCO | ||
| 650 | _aFIBRA | ||
| 650 | _aRESÍDUO | ||
| 773 | 0 |
_tHorticultura Brasileira (Brazil) _xISSN 0102-0536 _g(Apr-Jun 2017), v. 35(2) p. 305-310 _wBR2017001904 |
|
| 909 |
_a202311 _bLúcia _c55 _dLúcia Elande |
||
| 942 |
_2AGRIS _n0 _cANA |
||
| 999 |
_c252621 _d252621 |
||